Library Banner

Alam e Islam aur uskay masail wa afkar/ (Record no. 100133)

MARC details
000 -LEADER
fixed length control field 00426nam a22001457a 4500
005 - DATE AND TIME OF LATEST TRANSACTION
control field 20171120111619.0
008 - FIXED-LENGTH DATA ELEMENTS--GENERAL INFORMATION
fixed length control field 171120b xxu||||| |||| 00| 0 eng d
040 ## - CATALOGING SOURCE
Transcribing agency PK-LaUMT
082 ## - DEWEY DECIMAL CLASSIFICATION NUMBER
Classification number PKAC 297.0917671
Item number KHA-A
100 ## - MAIN ENTRY--PERSONAL NAME
Personal name Khalil Ahmed Hamdi
245 ## - TITLE STATEMENT
Title Alam e Islam aur uskay masail wa afkar/
Statement of responsibility, etc Khalil Ahmed Hamdi
260 ## - PUBLICATION, DISTRIBUTION, ETC. (IMPRINT)
Place of publication, distribution, etc لاہور:
Name of publisher, distributor, etc اسلامک پبلیکیشنز،
Date of publication, distribution, etc 1969
300 ## - PHYSICAL DESCRIPTION
Extent 384 ص
942 ## - ADDED ENTRY ELEMENTS (KOHA)
Koha item type Books
Holdings
Withdrawn status Lost status Damaged status Home library Current library Date acquired Full call number Barcode Date last seen Price effective from Koha item type
      UMT Main Campus UMT Main Campus 2017-11-20 PKAC 297.0917671 KHA-A 115954 2017-11-20 2017-11-20 Books